000 00424nam a22001697a 4500
003 OSt
005 20140310182157.0
008 130831t xxu||||| |||| 00| 0 eng d
020 _a0192830902
050 _aB 379.A5
_b.P718 1993
082 _aHS 184
_bP697 1993
245 _aPlato
_cPhaedo
260 _aOxford :
_bOxford University Press,
_c1993.
300 _a105 p.;
_c19 cm.
942 _2lcc
_cHS
999 _c10124
_d10124